000 01081cam a2200277 i 4500
001 19600
003 CO-MdFUSB
005 20240531062742.0
008 160819b xxu||||| |||| 00| 0 eng d
040 _aCO-MdFUSB
_cCO-MdFUSB
_dCO-MdFUSB
_bEspañol
_erda
041 _aeng
082 0 4 _bST798n
_aG 230.0415
100 1 _aStauffer, Ethelbert
245 1 0 _aNew Testament theology
_c / Ethelbert Stauffer ; Translated by John Marsh
264 _aLondon :
_bSCM Press,
_c1963
300 _a373 páginas
336 _2rdacontent
_atexto
_btxt
337 _2rdamedia
_asin mediación
_bn
338 _2rdacarrier
_avolumen
_bnc
500 _aTítulo original en alemán: Die Theologie des Neuen Testaments \ Incluye índice (p. 362-373)
501 _aRústico
505 0 0 _aEl desarrollo de la teología del cristianismo primitivo - Creación y caída - Ley y promesa - La venida de Cristo - La iglesia y el mundo - El presente y el futuro - Los credos de la iglesia primitiva.
630 7 _aBiblia.
_pNuevo Testamento
_xTeología
650 7 _aCristianismo
_2
_922
942 _cBK
999 _c45962
_d45962